000 00794nac a22002297a 4500
001 BR8703238
003 BR-BrBNA
005 20240105120509.0
008 230509b bl.|||m| |||| 00| 0 por d
040 _aBR-BrBNA
_bpor
_cBiblioteca Nacional de Agricultura
072 _aE50
090 _aE50 BR8703238
110 1 _aUniversidade Rural do Estado de Minas Gerais, Vicosa (Brasil). Diretoria Geral de Extensao
_911283
245 1 _aCasas de paredes de solo - cimento
260 3 _aVicosa, MG (Brasil):
_c1965.
300 _a20 p.
490 _aSerie Tecnica. Boletim - Universidade Rural do Estado de Minas Gerais. Diretoria Geral de Extensao (Brazil)
_vno. 3
_x
650 _aHABITACAO
650 _aPRODUTOR
909 _a202312
_bLúcia Elande
_c55
_dLúcia Elande
942 _2AGRIS
_n0
_cMS
999 _c279769
_d279769